[Event "North American-ch UNN"]
[Site "Dulles"]
[Date "2024.12.21"]
[Round "6"]
[White "Das, Aditeya"]
[Black "Ho, Carter"]
[Result "1-0"]
[WhiteElo "2232"]
[BlackElo "2194"]
[PlyCount "85"]
[EventDate "2024.12.18"]
[EventType "swiss"]
[EventRounds "9"]
[EventCountry "USA"]
[SourceTitle "CB02_2025"]
[SourceDate "2025.01.08"]
[SourceVersion "1"]
[SourceVersionDate "2025.01.08"]
[SourceQuality "1"]

1. e4 c5 2. Nf3 e6 3. d4 cxd4 4. Nxd4 Nf6 5. Nc3 Nc6 6. Be2 d6 7. a3 Be7 8. Be3 0-0 9. 0-0 e5 10. Nf3 Be6 11. Ng5 Bd7 12. Qd3 h6 13. Nf3 Be6 14. Rad1 Rc8 15. Nd2 d5 16. exd5 Nxd5 17. Nxd5 Bxd5 18. Bg4 Rc7 19. Nb1 Nd4 20. Bxd4 exd4 21. Qxd4 f5 22. Be2 Be4 23. Qxa7 Qe8 24. Qb6 Rxc2 25. Nc3 Kh8 26. Qb3 Qc6 27. Bb5 Rxc3 28. bxc3 Qb6 29. a4 Bc5 30. Kh1 Bxf2 31. Qa2 Bc5 32. Bd3 Re8 33. Qf7 Rf8 34. Qh5 Qc6 35. Bxe4 fxe4 36. Rxf8+ Bxf8 37. Qf7 Qc8 38. Re1 Qd8 39. Qxb7 e3 40. Qa7 e2 41. Qe3 Qd1 42. Qxe2 Qxa4 43. Qe8 1-0

[Event "Dulles Skyline op 3rd"]
[Site "Dulles"]
[Date "2024.10.13"]
[Round "7"]
[White "Yang, Daniel1"]
[Black "Das, Aditeya"]
[Result "0-1"]
[WhiteElo "2101"]
[BlackElo "1961"]
[PlyCount "88"]
[EventDate "2024.10.10"]
[EventType "swiss"]
[EventRounds "9"]
[EventCountry "USA"]
[SourceTitle "CB43_2024"]
[Source "Chessbase"]
[SourceDate "2024.10.23"]
[SourceVersion "1"]
[SourceVersionDate "2024.10.23"]
[SourceQuality "1"]

1. d4 d5 2. c4 c6 3. Nf3 Nf6 4. Nc3 dxc4 5. a4 Bf5 6. e3 e6 7. Bxc4 Nbd7 8. 0-0 Be7 9. Qe2 0-0 10. Nh4 Bg4 11. f3 Ne8 12. fxg4 Bxh4 13. Bd3 c5 14. Rf3 Nd6 15. Bc2 Bf6 16. Rh3 g6 17. dxc5 Nxc5 18. e4 Bg7 19. Be3 Rc8 20. Rd1 Qe7 21. Bd4 Bxd4+ 22. Rxd4 e5 23. Nd5 Qg5 24. Qd2 Ndxe4 25. Bxe4 Nxe4 26. Nf6+ Qxf6 27. Rxe4 Rfd8 28. Rf3 Qb6+ 29. Qe3 Rc1+ 30. Rf1 Rxf1+ 31. Kxf1 Qxb2 32. Qe1 Qc2 33. Re2 Qxa4 34. Re4 Qc2 35. Re2 Qc4 36. Kg1 Qxg4 37. h3 Qd4+ 38. Kh2 Qd6 39. Qb1 e4+ 40. g3 Qd3 41. Qe1 e3 42. Rxe3 Qd2+ 43. Qxd2 Rxd2+ 44. Kg1 Rd7 0-1

[Event "Dulles Skyline op 3rd"]
[Site "Dulles"]
[Date "2024.10.11"]
[Round "3"]
[White "Yu, Nicole Q"]
[Black "Das, Aditeya"]
[Result "0-1"]
[WhiteElo "1586"]
[BlackElo "1961"]
[PlyCount "58"]
[EventDate "2024.10.10"]
[EventType "swiss"]
[EventRounds "9"]
[EventCountry "USA"]
[SourceTitle "CB43_2024"]
[Source "Chessbase"]
[SourceDate "2024.10.23"]
[SourceVersion "1"]
[SourceVersionDate "2024.10.23"]
[SourceQuality "1"]

1. d4 d5 2. c4 c6 3. Nc3 dxc4 4. e3 b5 5. a4 b4 6. Na2 e6 7. Bxc4 Nf6 8. Nf3 Bb7 9. 0-0 Nbd7 10. Bd2 a5 11. Nc1 Bd6 12. Nd3 Qc7 13. h3 0-0 14. Re1 c5 15. Rc1 Qb6 16. dxc5 Nxc5 17. Nd4 Rad8 18. Qe2 Nxa4 19. Nb5 Nc5 20. Red1 Nxd3 21. Bxd3 Bc5 22. Rc2 Rxd3 23. Qxd3 Be4 24. Qc4 Bxc2 25. Rc1 Ba4 26. Qxc5 Qxc5 27. Rxc5 Ne4 28. Rc4 Nxd2 29. Rd4 Nb3 0-1

[Event "New York Marshall op"]
[Site "New York"]
[Date "2024.10.05"]
[Round "2"]
[White "Pan, Zachary1"]
[Black "Das, Aditeya"]
[Result "1/2-1/2"]
[WhiteElo "1898"]
[BlackElo "1961"]
[PlyCount "66"]
[EventDate "2024.10.05"]
[EventType "swiss"]
[EventRounds "5"]
[EventCountry "USA"]
[SourceTitle "CB45_2024"]
[Source "ChessBase"]
[SourceDate "2024.11.06"]
[SourceVersion "1"]
[SourceVersionDate "2024.11.06"]
[SourceQuality "1"]

1. e4 c5 2. Nf3 d6 3. Bb5+ Nd7 4. c3 Ngf6 5. Qe2 a6 6. Ba4 b5 7. Bc2 Bb7 8. 0-0 e6 9. d4 Be7 10. Re1 Rc8 11. a4 cxd4 12. cxd4 b4 13. Bd3 a5 14. Nbd2 0-0 15. b3 Qc7 16. Bb2 Qb8 17. Rac1 Qa8 18. Rxc8 Rxc8 19. h3 h6 20. Nf1 d5 21. e5 Ne4 22. Rc1 Rxc1 23. Bxc1 Qc8 24. Be3 Bd8 25. N3d2 Nxd2 26. Nxd2 Qc3 27. Bb1 Bb6 28. Qd3 Kf8 29. Nf3 Qxd3 30. Bxd3 Bc7 31. Bb5 Ke7 32. Ne1 f5 33. f4 Nb8 1/2-1/2

[Event "New York Marshall CC op-A"]
[Site "New York"]
[Date "2024.09.18"]
[Round "3"]
[White "Das, Aditeya"]
[Black "Bonin, Jay R"]
[Result "0-1"]
[WhiteElo "2106"]
[BlackElo "2129"]
[PlyCount "108"]
[EventDate "2024.09.17"]
[EventType "swiss"]
[EventRounds "4"]
[EventCountry "USA"]
[SourceTitle "EXT 2025"]
[Source "ChessBase"]
[SourceDate "2024.10.14"]
[SourceVersion "1"]
[SourceVersionDate "2024.10.14"]
[SourceQuality "1"]

1. e4 Nf6 2. e5 Nd5 3. c4 Nb6 4. d4 d6 5. f4 dxe5 6. fxe5 Nc6 7. Be3 Bf5 8. Nc3 e6 9. Be2 Nb4 10. Rc1 c5 11. Nf3 Bg4 12. 0-0 Bxf3 13. Rxf3 cxd4 14. Bxd4 Nc6 15. Rd3 Nxd4 16. Kh1 Bc5 17. Nb5 Nxb5 18. cxb5 Qe7 19. Qc2 Rc8 20. b4 Bd4 21. Qxc8+ Nxc8 22. Rxc8+ Kd7 23. Rc4 Rb8 24. Rcxd4+ Ke8 25. b6 axb6 26. Rd1 Qg5 27. Bb5+ Kf8 28. Rd7 Qxe5 29. a4 Rc8 30. Rxb7 Qd5 31. Rd7 Qg5 32. Ba6 Rc1 33. R7d6 Rxd1+ 34. Rxd1 Qg4 35. Rb1 Qe4 36. Rc1 Qxb4 37. Bb5 f5 38. Kg1 Qd4+ 39. Kh1 Qd2 40. Rf1 Ke7 41. g3 g6 42. Kg1 e5 43. Rf2 Qd4 44. Kg2 e4 45. Re2 g5 46. Rf2 e3 47. Re2 Qe4+ 48. Kg1 f4 49. gxf4 gxf4 50. Rg2 f3 51. Rg7+ Kf6 52. Rg3 e2 53. Rxf3+ Qxf3 54. Bxe2 Qxe2 0-1

[Event "New York Marshall CC op-A"]
[Site "New York"]
[Date "2024.09.18"]
[Round "4"]
[White "Weisz, Bryan"]
[Black "Das, Aditeya"]
[Result "0-1"]
[WhiteElo "2069"]
[BlackElo "2106"]
[PlyCount "48"]
[EventDate "2024.09.17"]
[EventType "swiss"]
[EventRounds "4"]
[EventCountry "USA"]
[SourceTitle "EXT 2025"]
[Source "ChessBase"]
[SourceDate "2024.10.14"]
[SourceVersion "1"]
[SourceVersionDate "2024.10.14"]
[SourceQuality "1"]

1. d4 d5 2. c4 c6 3. Nf3 Nf6 4. e3 a6 5. a4 Ne4 6. Nfd2 Nxd2 7. Bxd2 Bf5 8. Qb3 Qd7 9. Nc3 e6 10. a5 Qc7 11. e4 Bxe4 12. Bf4 Qxf4 13. Qxb7 Be7 14. Qxa8 0-0 15. Qb7 Bg5 16. Nxe4 Qxe4+ 17. Be2 Qxg2 18. Rf1 Qxh2 19. c5 e5 20. f4 exf4 21. Qb3 Re8 22. Qf3 Re3 23. Rf2 Bh4 24. Kf1 Rxf3 0-1

[Event "New York Marshall CC op-B"]
[Site "New York"]
[Date "2024.09.07"]
[Round "1"]
[White "Pan, Zachary1"]
[Black "Das, Aditeya"]
[Result "0-1"]
[WhiteElo "1912"]
[BlackElo "2106"]
[PlyCount "108"]
[EventDate "2024.09.07"]
[EventType "swiss"]
[EventRounds "5"]
[EventCountry "USA"]
[SourceTitle "EXT 2025"]
[Source "ChessBase"]
[SourceDate "2024.10.14"]
[SourceVersion "1"]
[SourceVersionDate "2024.10.14"]
[SourceQuality "1"]

1. e4 c5 2. Nf3 d6 3. Bb5+ Bd7 4. Bxd7+ Nxd7 5. 0-0 g6 6. c3 Ngf6 7. Re1 Bg7 8. d4 0-0 9. e5 dxe5 10. dxe5 Ng4 11. e6 Nde5 12. Qxd8 Raxd8 13. Nxe5 Nxe5 14. exf7+ Kxf7 15. Na3 Nd3 16. Rd1 a6 17. Kf1 b5 18. Ke2 c4 19. Rb1 Rc8 20. Be3 Be5 21. g3 Bd6 22. Nc2 e5 23. Ne1 e4 24. f3 exf3+ 25. Kxf3 Ke6+ 26. Kg2 Ne5 27. Bf4 Rcd8 28. Rd2 Nf7 29. Re2+ Kf6 30. Be3 Rfe8 31. Bd4+ Be5 32. Rf2+ Kg7 33. Nf3 Bxd4 34. Nxd4 Ne5 35. Rbf1 Kg8 36. h3 Nd3 37. Rf6 Nxb2 38. Rxa6 b4 39. Ra7 Ra8 40. Rxa8 Rxa8 41. cxb4 Nd3 42. Kf3 Nxb4 43. h4 Rf8+ 44. Ke2 Rxf1 45. Kxf1 Nxa2 46. Ke2 Kf7 47. Ke3 Kf6 48. Ke4 Nc3+ 49. Ke3 Ke5 50. Nc6+ Kd6 51. Nd8 Kd5 52. Nb7 Ne4 53. g4 Nf6 54. g5 Ne8 0-1